000 00579nam a2200181Ia 4500
008 151202s9999||||xx |||||||||||||| ||und||
082 _bPNVM-64499
100 _aनगर्सेकर सुरेश.
245 _aडायबेटिस.
260 _b"मनोरमा प्रकाशन, मुंबई."
260 _c64499
300 _a256
600 _aनगर्सेकर सुरेश.
630 _aडायबेटिस.
700 _aनगर्सेकर सुरेश.
730 _aडायबेटिस.
942 _cBOOK
999 _c1331032
_d1331029